| 000 | 00563nam a2200181Ia 4500 | ||
|---|---|---|---|
| 003 | GCL | ||
| 008 | 140319s9999 xx 000 0 ara d | ||
| 040 |
_aGCL / _cGCL |
||
| 082 | 0 | 4 |
_a658.4 _bل ا |
| 100 | 1 | _aريم سالم السالم | |
| 245 | 1 | 0 |
_aالاسئلة الذكية للمديرين الناجحين: اسلوب جديد للاتصال الفعال / _cريم سالم السالم |
| 700 | 1 | _aليدز، دوروثى | |
| 300 | _a299 ص | ||
| 490 | _a | ||
| 650 | 0 | 4 | _aالادارة |
| 650 | 0 | 4 | _aادارة الافراد |
| 942 |
_2ddc _cBK |
||
| 999 |
_c41288 _d41288 |
||